000 00613nam a2200265Ia 4500
008 210210b1944 xxu||||| |||| 00| 0 eng d
041 _aeng
082 _a825/1035
100 _aDE LA MARE
245 _aBeing the transactions of the royal society of literature Vol 21
260 _aLondon
_bOxford University Press
_c1944
440 _a21
650 _aVol
650 _atransactions
650 _athe
650 _asociety
650 _aroyal
650 _aof
650 _aliterature
650 _aBeing
650 _a21
650 _a20
690 _aEnglish Criticism
906 _a015350
999 _c134710
_d134710